header

Gender across languages (Record no. 1442)

MARC details
000 -LEADER
fixed length control field 01443nam a2200361 a 4500
082 04 - DEWEY DECIMAL CLASSIFICATION NUMBER
Classification number 415
245 00 - TITLE STATEMENT
Title Gender across languages
260 ## - PUBLICATION, DISTRIBUTION, ETC. (IMPRINT)
Place of publication Amsterdam ;
-- Philadelphia :
Name of publisher J. Benjamins,
Year of publication 2001-
300 ## - PHYSICAL DESCRIPTION
Number of Pages v. <1 >.
490 1# - SERIES STATEMENT
Series statement Impact, studies in language and society,
650 #0 - SUBJECT ADDED ENTRY--TOPICAL TERM
Topical Term Grammar, Comparative and general
700 1# - ADDED ENTRY--PERSONAL NAME
Personal name Hellinger, Marlis.
Personal name Bussmann, Hadumod.
856 40 - ELECTRONIC LOCATION AND ACCESS
Uniform Resource Identifier http://site.ebrary.com/lib/rucke/Doc?id=5004936

No items available.

© 2026 Rongo University
Contact us: librarian | system librarian | Rongo university